Statistics for 2000 NHL Entry Draft 1st Round Selections

Click here to take the quiz!

General Stats

  • This quiz has been taken 48 times
  • The average score is 8 of 30

Answer Stats

PickPlayerJunior TeamNHL Team% Correct
1Rick DiPietroBoston UniversityNY Islanders
92%
2Dany HeatleyUniversity of WisconsinAtlanta Thrashers
79%
3Marian GaborikDukla Trenčín Jr.Minnesota Wild
75%
16Marcel HossaPortland WinterhawksMontreal Canadiens
46%
4Rostislav KleslaBrampton BattalionColumbus Blue Jackets
38%
5Raffi TorresBrampton BattalionNY Islanders
33%
25Steve OttWindsor SpitfiresDallas Stars
33%
6Scott HartnellPrince Albert RaidersNashville Predators
29%
24Brad BoyesErie OttersToronto Maple Leafs
25%
9Brent KrahnCalgary HitmenCalgary Flames
25%
18Brooks OrpikBoston CollegePittsburgh Penguins
25%
28Justin WilliamsPlymouth WhalersPhiladelphia Flyers
25%
23Nathan SmithSwift Current BroncosVancouver Canucks
25%
22David HaleSioux City MusketeersNJ Devils
21%
7Lars JonssonLeksands IF Jr.Boston Bruins
21%
20Alexander FrolovLokomotiv YaroslavlLA Kings
17%
21Anton VolchenkovCSKA MoscowOttawa Senators
17%
26Brian SutherbyMoose Jaw WarriorsWashington Capitals
17%
27Martin SamuelssonMODO Jr.Boston Bruins
17%
10Mikhail YakubovLada TogliattiChicago Blackhawks
17%
8Nikita AlexeevErie OttersTB Lightning
17%
29Niklas KronwallDjurgardens IFDetroit Red Wings
17%
13Ron HainseyUniversity of Mass LowellMontreal Canadiens
17%
17Alexei MikhnovLokomotiv YaroslavlEdmonton Oilers
13%
12Alexei SmirnovTHK TverAnaheim Mighty Ducks
13%
15Artem KryukovLokomotiv YaroslavlBuffalo Sabres
13%
30Jeff TaffeUniversity of MinnesotaSt Louis Blues
13%
19Krystofer KolanosBoston CollegePhoenix Coyotes
13%
11Pavel VorobievLokomotiv YaroslavlChicago Blackhawks
13%
14Vaclav NedorostČeské Budějovice Jr.Colorado Avalanche
13%

Score Distribution

Percentile by Number Answered

Percent of People with Each Score

Your Score History

You have not taken this quiz